00347nam a2200133Ia 4500003000400000008004100004020002600045040000800071100002000079245004500099260004800144300001000192365001100202LDD181029s9999 xx 000 0 und d a9788180302626c790.00 cLDD aSharma, Shriram 0aAdvanced nuclear physicscShriram Sharma aNew DelhibCampus Books Internationalc2010 a276p. b790.00